书目信息 |
| 题名: |
卓越广告
|
|
| 作者: | 艾奇逊 著 ;张红霞 译 | |
| 分册: | ||
| 出版信息: | 北京 北京大学出版社 2005.12 |
|
| 页数: | 345页, [8] 页图版 | |
| 开本: | 24cm | |
| 丛书名: | ||
| 单 册: | ||
| 中图分类: | F713.80 | |
| 科图分类: | ||
| 主题词: | 广告学--guang gao xue | |
| 电子资源: | ||
| ISBN: | 7-301-08418-8 | |
| 000 | 01081nam0 2200253 450 | |
| 001 | 012007371531 | |
| 005 | 20070926112346.96 | |
| 010 | @a7-301-08418-8@dCNY68.00 | |
| 100 | @a20070724d2005 km y0chiy0120 ea | |
| 101 | 1 | @achi@ceng |
| 102 | @aCN@b110000 | |
| 105 | @aacf z 000yy | |
| 200 | 1 | @a卓越广告@Azhuo yue guang gao@d= Cutting edge advertising@e如何创造最优秀的平面广告@f(澳) 吉姆·艾奇逊著@F(ao)ji mu·ai qi xun zhu@g张红霞等译@Gzhang hong xia deng yi@zeng |
| 210 | @a北京@c北京大学出版社@d2005.12 | |
| 215 | @a345页, [8] 页图版@c图 (部分彩图), 肖像@d24cm | |
| 330 | @a本书是第一本指导人们一步步创作卓越的印刷品广告的书,它囊括了从广告如何起作用、塑造品牌的方法如何变化、如何获得创意灵感到文案的撰写与设计等各个方面。 | |
| 500 | 10 | @aCutting edge advertising@mChinese |
| 517 | 1 | @a如何创造最优秀的平面广告@Aru he chuang zao zui you xiu de ping mian guang gao |
| 606 | 0 | @a广告学@Aguang gao xue |
| 690 | @aF713.80@v4 | |
| 701 | 1 | @a艾奇逊@Aai qi xun@g(Aitchison, Jim)@4著 |
| 702 | 0 | @a张红霞@Azhang hong xia@4译 |
| 801 | 0 | @aCN@c20070926 |
| 905 | @dF713.80@eA377 | |
| 卓越广告= Cutting edge advertising:如何创造最优秀的平面广告/(澳) 吉姆·艾奇逊著/张红霞等译.-北京:北京大学出版社,2005.12 |
| 345页, [8] 页图版:图 (部分彩图), 肖像;24cm |
| ISBN 7-301-08418-8:CNY68.00 |
| 本书是第一本指导人们一步步创作卓越的印刷品广告的书,它囊括了从广告如何起作用、塑造品牌的方法如何变化、如何获得创意灵感到文案的撰写与设计等各个方面。 |
| ● |
| 相关链接 |
|
|
|
正题名:卓越广告
索取号:F713.80/A377
 
预约/预借
| 序号 | 登录号 | 条形码 | 馆藏地/架位号 | 状态 | 备注 |
| 1 | 247096 | 202470968 | 社科库409/409社科库 44排6列1层/ [索取号:F713.80/A377] | 在馆 | |
| 2 | 247097 | 202470977 | 社科库409/409社科库 44排6列1层/ [索取号:F713.80/A377] | 在馆 |